Melt rheology and its role in plastics processing : theory and applications /

Guardado en:
Autor Principal: Dealy, John M.
Otros Autores: Wissbrun, Kurt F.
Formato: Libro
Idioma:English
Publicado: New York : Van Nostrand Reinhold, c1990.
Materias:
Etiquetas: Agregar Etiqueta
Sin Etiquetas, Sea el primero en etiquetar este registro!
LEADER 00832cam a22002415a 4500
001 EIQ.libpla003680
008 891017s1990####nyua#####b####001#0#eng#d
005 20080227173832.0
245 1 0 |a Melt rheology and its role in plastics processing :  |b theory and applications /  |c John M. Dealy and Kurt F. Wissbrun. 
260 |a New York :  |b Van Nostrand Reinhold,  |c c1990. 
300 |a xix, 665 p. :  |b il. ;  |c 24 cm. 
504 |a Incluye referencias bibliográficas e índice. 
020 |a 0442220995 
100 1 |a Dealy, John M. 
700 1 |a Wissbrun, Kurt F. 
082 0 0 |a 668.4/042  |2 20 
650 4 |a Plásticos  |x Prueba. 
650 4 |a Polímeros  |x Reología. 
650 4 |a Polymers  |x Rheology. 
650 0 |a Plastics  |x Testing. 
010 |a  89029215  
040 |a DLC  |c DLC  |d AR-BbSID 
859 |a AR-BbSID  |b BIB. PLAPIQUI  |h 668.404 2  |i D 342  |p 4019